Kallanu kāpādukōndi. (Record no. 66705)

MARC details
000 -LEADER
fixed length control field 00533cam a22002171 4500
001 - CONTROL NUMBER
control field sa 65010387
003 - CONTROL NUMBER IDENTIFIER
control field DLC
005 - DATE AND TIME OF LATEST TRANSACTION
control field 20260227112208.0
008 - FIXED-LENGTH DATA ELEMENTS--GENERAL INFORMATION
fixed length control field 811121s1964 xx a 000 0 tel
010 ## - LIBRARY OF CONGRESS CONTROL NUMBER
LC control number sa 65010387
035 ## - SYSTEM CONTROL NUMBER
System control number (OCoLC)14626072
040 ## - CATALOGING SOURCE
Original cataloging agency DLC
Transcribing agency DNLM
Modifying agency DLC
042 ## - AUTHENTICATION CODE
Authentication code premarc
050 00 - LIBRARY OF CONGRESS CALL NUMBER
Classification number RE51
Item number .R3
060 0# - NATIONAL LIBRARY OF MEDICINE CALL NUMBER
Classification number WW 100
Item number R128k 1964
100 2# - MAIN ENTRY--PERSONAL NAME
Personal name Radhakrishna Murthy, Guntupalli,
Dates associated with a name 1930-
245 10 - TITLE STATEMENT
Title Kallanu kāpādukōndi.
260 ## - PUBLICATION, DISTRIBUTION, ETC.
Date of publication, distribution, etc. [1964]
300 ## - PHYSICAL DESCRIPTION
Extent vi, 63 p.
Other physical details ill.
500 ## - GENERAL NOTE
General note In Telugu.

No items available.

Powered by Koha